LEADER 01609nam 2200517 450 001 9910672106703321 005 20201104122341.0 010 $a84-948096-3-6 035 $a(CKB)4100000009605816 035 $a(MiAaPQ)EBC6771569 035 $a(OCoLC)1204300009 035 $a(FINmELB)ELB122325 035 $a(EXLCZ)994100000009605816 100 $a20201104d2018 uy 0 101 0 $aspa 135 $aurcnu|||||||| 181 $ctxt$2rdacontent/spa 182 $cc$2rdamedia/spa 183 $acr$2rdacarrier/spa 200 13$aLa personacio?n procesal ante el juzgado de instruccio?n y de menores /$fYolanda Valdivielso Garci?a 210 1$aBarcelona :$cJ.M. Bosch,$d2018. 215 $a1 recurso en li?nea (474 pa?ginas) 225 0 $aColeccio?n procesal ;$v59 311 $a84-948096-2-8 320 $aBibliografi?a: pa?ginas 457-474. 606 $aDerecho procesal 606 $aProcedimiento penal 606 $aResponsabilidad penal 606 $aProcedure (Law) 606 $aCriminal procedure 606 $aCriminal liabilit 608 $aLibros electronicos. 615 4$aDerecho procesal. 615 4$aProcedimiento penal. 615 4$aResponsabilidad penal. 615 0$aProcedure (Law) 615 0$aCriminal procedure. 615 0$aCriminal liabilit. 676 $a345.4608 700 $aValdivielso Garci?a$b Yolanda$01335691 801 0$bFINmELB 801 1$bFINmELB 906 $aBOOK 912 $a9910672106703321 996 $aLa personacio?n procesal ante el juzgado de instruccio?n y de menores$93050330 997 $aUNINA LEADER 03134nam 22006253 450 001 996659456903316 005 20250902183933.0 010 $a9783839470602 010 $a3839470609 024 7 $a10.1515/9783839470602 035 $a(CKB)37776540900041 035 $a(MiAaPQ)EBC31953927 035 $a(Au-PeEL)EBL31953927 035 $a(DE-B1597)679955 035 $a(DE-B1597)9783839470602 035 $a(ScCtBLL)d1855b8a-daae-46eb-9f6b-68c59a1d52c5 035 $a(EXLCZ)9937776540900041 100 $a20250313d2025 uy 0 101 0 $aeng 135 $aur||||||||||| 181 $ctxt$2rdacontent 182 $cc$2rdamedia 183 $acr$2rdacarrier 200 10$aComing to Terms with a Crisis $eCultural Engagements with COVID-19 205 $a1st ed. 210 1$aBielefeld :$ctranscript Verlag,$d2025. 210 4$dİ2025. 215 $a1 online resource (307 pages) 225 0 $aEdition Kulturwissenschaft ;$v294 311 08$a9783837670608 311 08$a3837670600 327 $tFrontmatter --$tContents --$tAcknowledgments --$tComing to Terms with a Crisis --$tPandemics Between Material Causes and Figurative/Ideological Interpretations --$tDepicting SARS-CoV-2 --$tViral Commemoration --$tCorona Fictions Anthologies --$tFiction as a Tool to Imagine the Pandemic --$tA Year of ?Very Historic Breakthroughs?? --$tContagious Economic Failure? --$t?Vacuna o muerte? --$tDonald Trump?s Viral Narratives and Shifting Pandemic Communication --$tConfronting and Assuaging Pandemic Anxieties Through Horror Media in Christina Henry?s The Girl in Red --$tLiterary Reflections on the Institution of Science and COVID-19 --$tA World After the Pandemic --$tAbout the Contributors 330 $aThe COVID-19 pandemic hit the world as a (purportedly) novel situation with which people struggled to come to terms. The contributions to this volume show how various actors reacted to this pandemic through specific forms of representation and storytelling in popular culture, public discourse, and science communication. They demonstrate how these representations both leverage new media and resort to familiar scripts and characters to make sense of the situation. Thus, they uncover the transformative potential of narratives about epi-/pandemics across different domains and their contribution to the production of knowledge as well as the recalibration of norms and values. 606 $aSOCIAL SCIENCE / Popular Culture$2bisacsh 610 $aCOVID-19. 610 $aCultural Studies. 610 $aCulture. 610 $aLiterary Studies. 610 $aMedia. 610 $aPandemic. 610 $aSociety. 610 $aSociology of Culture. 610 $aStorytelling. 615 7$aSOCIAL SCIENCE / Popular Culture. 700 $aButler$b Martin$0142053 701 $aFarzin$b Sina$0626685 701 $aFuchs$b Michael$0500160 701 $aHempel$b Fabian$01791403 801 0$bMiAaPQ 801 1$bMiAaPQ 801 2$bMiAaPQ 906 $aBOOK 912 $a996659456903316 996 $aComing to Terms with a Crisis$94328773 997 $aUNISA